000 00323nam a22001457a 4500
020 _a978-81-8477-804-5
082 _a823
_bSAL/T
100 _aSALMAN, ANDY
245 _aTHINK OF A LINK
260 _aUK
_bSCHOLASTIC CHILDREN'S BOOK
_c2013
300 _a204
520 _aSHORT STORY
650 _aSHORT STORY
942 _cBK
999 _c6540
_d6540